000 00330nam a22001457a 4500
003 SGT
020 _a938426650-7
082 _a615
_bNAN
100 _aNAND, DR. PRATIBHA
245 _aA TEXTBOOK OF PHARMACY PRACTICE
260 _aINDIA
_bBIRLA PUB.
_c2025
300 _a308
650 _aPHARMACY PRACTICE
942 _2ddc
_cBK
999 _c32955
_d32955